Voxographie de Jean-Claude Michel en images - Statistiques

Statistiques générales
  • Ce quiz a été pris 19 fois
  • Le résultat moyen est 5 sur 16
Statistiques - réponses
Par images Réponse % Correct
James Bond
94%
Zorro
82%
Professeur Henry Jones Sr
59%
Dracula
47%
Jules César
47%
Richard Cœur de Lion
47%
Davy Crockett
41%
Inspecteur Harry Callahan
35%
Frank Drebin
18%
Hannibal Lecter
18%
Ben-Hur
12%
Commandant Minos
12%
Juan Sanchez Villa-Lobos Ramirez
12%
Eric Lassard
6%
Michel-Ange
6%
Wellington Yueh
6%
Aucun quiz correspondant
Distribution des résultats
% des personnes avec chaque résultat
Percentile par nombre de réponses
Votre historique - résultats
Vous n’avez pas pris ce quiz